000 01013nam0a22002651 4500
001 rc\2814609
005 20250806211032.0
035 _a(NLR Aleph) 006940392
090 _a37656
_c37656
100 _a20110915d1945 u y0rusy50 ca
101 0 _arus
102 _aRU
105 _aa z |||||
200 1 _aЛесопильная рама ЛР-220
_eОписание и инструкция по эксплоатации и уходу
_fИнж.-майор М. О. Борисов
_gШтаб инж. войск Красной Армии
210 _aМосква
_cВоен. изд-во
_d1945
_gтип. им. Тимошенко
215 _a36 с.
_cил., черт.
_d20 см.
700 1 _aБорисов
_bМ.О.
712 0 1 _aСССР
_bШтаб инж. войск Красной Армии
801 0 _aRU
_bNLR
_gpsbo
801 1 _aRU
_bELAR
_2rusmarc
852 _aNLR
_jТ50 Г-4/92
942 _cBOOK
945 _aРоссийская национальная библиотека
980 _aNB
980 _aBV